| 000 | 00361nam a22001457a 4500 | ||
|---|---|---|---|
| 999 |
_c4987 _d4987 |
||
| 008 | 200928b ||||| |||| 00| 0 eng d | ||
| 082 | 0 | 0 |
_223rd ed. _a823 _bA933 |
| 100 |
_93982 _aAusten, Jane |
||
| 245 | 1 | 0 |
_aSense sensibility / _cby Jane Austen |
| 250 | _a1st ed. | ||
| 260 |
_a[s.l.] : _b[s.n.] , _c? |
||
| 300 | _a. | ||
| 650 | 0 | _aEnglish fiction | |
| 942 | _cBK | ||